000 00514nam a2200205Ia 4500
003 OSt
005 20140428100124.0
008 140130s9999 xx 000 0 und d
020 _a9781877180248
050 _aRC 440
_b.Ad221 [ca.2000]
100 _aAdamson, Linda
245 _aHearty fun fitness programme /
_cLinda Adamson.
260 _bScholastic,
_a2000.
_cNew York :
300 _a20 p. :
_bcol. ill. ;
_c23 cm.
440 _v1
521 _aG2
526 _c350
942 _cBK
_2lcc
999 _c41950
_d41950